000 00624nam a2200205 i 4500
001 40766
003 ES-MaACL
005 20250804063358.0
007 t|
008 030307s1971 sp ||||1| cat d
100 1 _aCapmany, Maria Aurèlia,
_d1918-1991
_934865
245 1 0 _aCartes impertinents /
_cMaria Aurèlia Capmany.
260 _aPalma de Mallorca :
_bMoll,
_c1971.
300 _a177 p. ;
_c18 cm.
490 1 _aBiblioteca Raixa ;
_v84
650 0 4 _aMujeres-
_xSituación social.
_915317
830 0 _aBiblioteca Raixa ;
_v84
_9181878
852 _aES-MaACL
_jC-45905
_bR.77459
999 _c40766
_d40766